Vista normal
Vista MARC
Entrada Personal Name
Número de registros utilizados en: 2
001 - CONTROL NUMBER
- control field: 17828
003 - CONTROL NUMBER IDENTIFIER
- control field: DLC
005 - DATE AND TIME OF LATEST TRANSACTION
- control field: 20260206132638.0
008 - FIXED-LENGTH DATA ELEMENTS
- fixed length control field: 180207n| azannaabn |a aaa c
010 ## - LIBRARY OF CONGRESS CONTROL NUMBER
- LC control number: no2018016437
035 ## - SYSTEM CONTROL NUMBER
- System control number: (OCoLC)oca11187298
040 ## - CATALOGING SOURCE
- Original cataloging agency: CtY
- Language of cataloging: spa
- Description conventions: rda
- Transcribing agency: Mx-PuUPA
- Modifying agency: HU
- Modifying agency: Mx-PuUPA
046 ## - SPECIAL CODED DATES
- Birth date: 1961
- Source of date scheme: edtf
100 1# - HEADING--PERSONAL NAME
- Personal name: Cortina, Albert,
- Dates associated with a name: 1961-
370 ## - ASSOCIATED PLACE
- Other associated place: Barcelona (España)
- Source of term: naf
373 ## - ASSOCIATED GROUP
- Associated group: Universidad Internacional de Cataluña (UIC)
374 ## - OCCUPATION
- Occupation: Autor
- Occupation: Abogado
- Occupation: Urbanista
- Occupation: Profesor
- Occupation: Investigador
375 ## - GENDER
- Gender: hombre
377 ## - ASSOCIATED LANGUAGE
- Language code: spa
400 1# - SEE FROM TRACING--PERSONAL NAME
- Personal name: Cortina Ramos, Albert,
- Dates associated with a name: 1961-
400 1# - SEE FROM TRACING--PERSONAL NAME
- Personal name: Ramos, Albert Cortina,
- Dates associated with a name: 1961-
670 ## - SOURCE DATA FOUND
- Source citation: Humanidad [infinita], desafíos éticos de las tecnologías emergentes, 2016:
- Information found: title page (Albert Cortina) verso of title page (Albert Cortina Ramos) page [2] of cover (Albert Cortina; b. Barcelona, 1961; lawyer and urbanist)